000 00590nam a2200241Ia 4500
003 OSt
005 20221005083519.0
006 a|||||r|||| 00| 0
007 ta
008 221004b |||||||| |||| 00| 0 hin d
020 _a8125906266
024 _a31293
037 _cTextual
040 _aCRL
_cCRL
_bhin
041 _2hin
_ahin
100 _aKhanna V. N.
245 0 _aInternational relations
260 _aNew Delhi
_bVikas Publishing House Pvt Ltd
_c1996
300 _a569p.
_ccm.
650 _aHISTORY
942 _cTEXL
_2cc
999 _c991150
_d991150